000
00332nam a22001337a 4500
008
181023b xxu||||| |||| 00| 0 eng d
020
_a
9780070326200
041
_a
eng
080
_a
510
100
_a
36
101
_a
MAT
245
_a
How to Solve Word Problems in Algebra A Solved Problem Approach
_c
Jonson,M
942
_2
udc
_c
BK
999
_c
50737
_d
50737